000 00670nam a2200277Ia 4500
005 20260324112443.0
008 008 260324s9999 xx 000 0 eng d
020 _a9781003537007
037 _aEBOOK
040 _aCRL
040 _beng
040 _cCRL
041 _2eng
041 _aeng
084 _qCRL
100 _aLionel Corbett
_91142758
245 2 _aA Jungian and Psychoanalytic Approach to Biblical Myth and Religion
260 _bTaylor and Francis
260 _c2024
365 _a
365 _b205
856 _uhttp://www.taylorfrancis.com/books/9781003537007
942 _cEBOOK
999 _c1731974
_d1731974